Interakcia katelicidínu LL37 s modelovými bunkovými membránami bakalárska práca

Gespeichert in:
Bibliographische Detailangaben
1. Verfasser: Pešadíková, Denisa
Format: Buch
Sprache:Slowakisch
Veröffentlicht: Bratislava STU FCHPT 2017
Online-Zugang:Im OPAC anzeigen
Tags: Tag hinzufügen
Keine Tags, Fügen Sie das erste Tag hinzu!

MARC

LEADER 00000nam a2200000 a 4500
005 20260127133959.0
008 171122 2017 xo 001 0 slo d
035 |a vtls011721887 
039 9 |y 201711221218  |z mschk03 
040 |a STUSCHK1  |b slo  |c STUSCHK1  |e AACR2 
100 1 |a Pešadíková, Denisa 
245 1 |a Interakcia katelicidínu LL37 s modelovými bunkovými membránami  |b bakalárska práca  |c 2017 
260 |a Bratislava  |b STU FCHPT  |c 2017 
300 |a 53 s.  |b il.  |c 25 cm 
500 |a Študijný program: chémia, medicínska chémia a chemické materiály 
500 |a Študijný odbor: chémia, chemické technológie 
500 |a Školiace pracovisko: Oddelenie anorganickej technológie 
500 |a Evid. číslo: FCHPT-13569-65062 
910 |a SCHK95 
999 |c 1409  |d 1409